000 00673nam a2200205Ia 4500
003 GCL
008 140319s9999 xx 000 0 ara d
040 _aGCL /
_cGCL
082 0 4 _a140
_bع ج
100 1 _aعلى حنفى محمود
245 1 0 _aجدل العقل والوجود: دراسة فى فلسفة هيجل وكير كجارد /
_cعلى حنفى محمود
700 1 _aعلى عبدالمعطى محمد (تقديم)
260 _a[S.N] :
_bدار المعرفة الجامعية ،
_c1991
300 _a414 ص
650 0 4 _aالفلسفة
650 0 4 _aنظريات
650 0 4 _aالجدل
650 0 4 _aمذاهب فلسفية
942 _2ddc
_cREF
999 _c59659
_d59659